000 01368nam0a22003491 4500
001 v19\rc\1800446
005 20260405220901.0
035 _a(NLR Aleph) 005252035
090 _a5813865
_c5813865
100 _a20071130d1907 |||y0rusy50 ca
101 1 _arus
_cfre
102 _aRU
105 _ay z |||||
200 1 _aТактика социал-демократии
_fПер. В. Романовой
_gГед и Жорес
210 _aСанкт-Петербург
_cМолот
_d1907
215 _a48 с.
_d21
300 _aЗагл. ориг.: Les deux méthodes
300 _aПер. также под загл.: Две тактики
451 0 _12001#$aДве тактики
_tДве тактики
454 0 _12001#$aLes deux méthodes
_tLes deux méthodes
532 1 3 _aТактика социал-демократии
700 1 _8rus
_7ca
_aГед
_bЖ.
_f1845-1922
_gЖюль
_3RU\NLR\AUTH\7797151
_980077
701 1 _8rus
_7ca
_aЖорес
_bЖ.
_f1859-1914
_gЖан
_3RU\NLR\AUTH\7766266
_949194
702 1 _4730
_8rus
_7ca
_aРоманова
_bВ.
_cпереводчик
_3RU\NLR\AUTH\7799277
_982203
801 0 _aRU
_bNLR
_c20071130
_gpsbo
801 0 _aRU
_bRuMoRGB
_c20071130
_2psbo
801 1 _aRU
_bProSoft-M
_c20071130
_2rusmarc
801 2 _aRU
_bNLR
_c20110510
_2rusmarc
852 _aNLR
_j17.145.2.195
942 _cBOOK
980 _aNB